رفع الإصر عن قضاة مصر ;; Rafʻ al-iṣr ʻan quḍāt Miṣr / (Record no. 78532)
[ view plain ]
| 000 -LEADER | |
|---|---|
| fixed length control field | 01424cam a22002771a 4500 |
| 001 - CONTROL NUMBER | |
| control field | 78532 |
| 003 - CONTROL NUMBER IDENTIFIER | |
| rucl marc code | BD-RjUL |
| 005 - DATE AND TIME OF LATEST TRANSACTION | |
| control field | 20211209083135.0 |
| 008 - FIXED-LENGTH DATA ELEMENTS--GENERAL INFORMATION | |
| fixed length control field | 210930s1957 ua a b 001 0cara |
| 035 ## - SYSTEM CONTROL NUMBER | |
| System control number | (BD-RjUL)78758 |
| System control number | (CStRLIN)DCLN98960486-B |
| 040 ## - CATALOGING SOURCE | |
| Original cataloging agency | DLC-R |
| Transcribing agency | DLC-R |
| Modifying agency | CStRLIN |
| Language of cataloging | eng |
| 041 ## - LANGUAGE CODE | |
| Language code of text/sound track or separate title | ara |
| 082 ## - DEWEY DECIMAL CLASSIFICATION NUMBER | |
| Edition number | 23 |
| Classification number | 297.23092 |
| Author mark and year | ASR 1998 |
| 100 2# - MAIN ENTRY--PERSONAL NAME | |
| Personal name | العسقلانى، أحمد بن على بن حجر ;; Al-Asqalani, Ahmed bin Ali bin Hajar |
| Dates associated with a name | 1372-1449. |
| 9 (RLIN) | 248790 |
| 245 10 - TITLE STATEMENT | |
| Title | رفع الإصر عن قضاة مصر ;; Rafʻ al-iṣr ʻan quḍāt Miṣr / |
| Statement of responsibility, etc. | لابن حجر شهاب الدين أحمد بن على بن محمد العسقلانى ؛ تحقيق على محمد عمر.;; li-Ibn Ḥajar Shihāb al-Dīn Aḥmad ibn ʻAlī ibn Muḥammad al-ʻAsqalānī ; taḥqīq ʻAlī Muḥammad ʻUmar. |
| 250 ## - EDITION STATEMENT | |
| Edition statement | al-Ṭabʻah 1. |
| 260 ## - PUBLICATION, DISTRIBUTION, ETC. (IMPRINT) | |
| Place of publication, distribution, etc. | [al-Qāhirah] ;; القاهرة : |
| Name of publisher, distributor, etc. | المطبعة الاميرية ;; almatbaat alamyriat alqahira , |
| Date of publication, distribution, etc. | 1998. |
| 300 ## - PHYSICAL DESCRIPTION | |
| Pagination | 414 p. : |
| Illustrations | ill. ; |
| Size | 25 cm. |
| 504 ## - BIBLIOGRAPHY, ETC. NOTE | |
| Bibliography, etc | Includes bibliographical references and indexes. |
| 520 ## - SUMMARY, ETC. | |
| Summary, etc. | Islamic law judges; biographies; early works to 1800; critical edition. |
| 650 #0 - SUBJECT ADDED ENTRY--TOPICAL TERM | |
| Topical term or geographic name as entry element | Judges |
| Geographic subdivision | Islamic Empire |
| Form subdivision | Biography. |
| 9 (RLIN) | 248791 |
| Topical term or geographic name as entry element | Judges (Islamic law) |
| Geographic subdivision | Egypt |
| General subdivision | Biography |
| -- | Early works to 1800. |
| 9 (RLIN) | 248792 |
| 700 1# - ADDED ENTRY--PERSONAL NAME | |
| Personal name | عمر، على محمد.;; ʻUmar, ʻAlī Muḥammad. |
| 942 ## - ADDED ENTRY ELEMENTS (KOHA) | |
| Source of classification or shelving scheme | Dewey Decimal Classification |
| Koha item type | Books |
| Lost status | Source of classification or shelving scheme | Damaged status | Not for loan | Collection code | Permanent Location | Current Location | Shelving location | Date acquired | Source of acquisition | Cost, normal purchase price | Total Checkouts | Full call number | Date last seen | Copy number | Koha item type |
|---|---|---|---|---|---|---|---|---|---|---|---|---|---|---|---|
| Dewey Decimal Classification | Not For Loan | Non-fiction | Central Library, University of Rajshahi | Central Library, University of Rajshahi | Reading Room | 20/04/1964 | Urdu library | 56.00 | A 297.23092 ASR 1998 | 30/09/2021 | c-1 | Books |